Southville International School and Colleges
Your cart is empty.
  • Cart
  • Lists
    Public lists Eva Luna New books Lux_list list_1
    Your lists Log in to create your own lists
  • Log in to your account
  • Your cookies
  • Search history
Southville International School and Colleges
  • Advanced search
  • Recent comments
  • Most popular
  • Libraries

Log in to your account

Log in with GOOGLE


If you do not have an external account, but do have a local account, you can still log in:

  1. Home
  2. MARC view: Business law :
Normal view MARC view ISBD view

Business law : (Record no. 19325)

[ view plain ]
MARC details
000 -LEADER
fixed length control field 00468nam a2200169 a 4500
005 - DATE AND TIME OF LATEST TRANSACTION
control field 20140310183138.0
008 - FIXED-LENGTH DATA ELEMENTS--GENERAL INFORMATION
fixed length control field 020820s19uu xx 00 eng d
050 ## - LIBRARY OF CONGRESS CALL NUMBER
Classification number KF 889
Item number .R68 1997
100 ## - MAIN ENTRY--PERSONAL NAME
Personal name Roszkowski, Mark E.
245 ## - TITLE STATEMENT
Title Business law :
Remainder of title principles cases and policy /
Statement of responsibility, etc Mark E. Roszkowski.
300 ## - PHYSICAL DESCRIPTION
Extent 247 p. :
Other physical details col. ill. ;
Dimensions 28 cm.
521 ## - TARGET AUDIENCE NOTE
Target audience note
650 ## - SUBJECT ADDED ENTRY--TOPICAL TERM
Topical term or geographic name as entry element Commercial law
650 ## - SUBJECT ADDED ENTRY--TOPICAL TERM
Topical term or geographic name as entry element Business law
942 ## - ADDED ENTRY ELEMENTS (KOHA)
Koha item type Books
Source of classification or shelving scheme Library of Congress Classification
Call number prefix Foreign
Holdings
Withdrawn status Lost status Source of classification or shelving scheme Damaged status Home library Current library Shelving location Date acquired Source of acquisition Total Checkouts Full call number Barcode Date last seen Copy number Price effective from Koha item type
    Library of Congress Classification   Archives Archives   01/22/2014 Donation   KF 889 .R68 1997 C0146 05/15/2018 1 01/22/2014 Books

Business law :

APA

Roszkowski M. E., .Business law. : .

Chicago

Roszkowski Mark E, .Business law. : .

Harvard

Roszkowski M. E., .Business law. : .

MLA

Roszkowski Mark E, .: . .

  • Place hold
  • Print
  • Cite
  • Add to your cart (remove)
  • Save record
    BIBTEX Dublin Core MARCXML MARC (non-Unicode/MARC-8) MARC (Unicode/UTF-8) MARC (Unicode/UTF-8, Standard) MODS (XML) RIS
  • More searches
    Search for this title in:
    Other Libraries (WorldCat) Other Databases (Google Scholar) Online Stores (Bookfinder.com) Open Library (openlibrary.org)

Exporting to Dublin Core...

SOUTHVILLE LIBRARY

Southville International School and Colleges Library

1281 Tropical Ave. Cor. Luxembourg St., BF Homes International, Las Pinas City

Tel. No. 8256374 / 252358 Loc. 117/146

Powered by Koha